000 01071nam a2200313 a 4500
001 30809
003 BD-RjUL
005 20211209051623.0
008 140411s1994 enk b 001 0 eng d
020 _a0521402999
020 _a052140861X (pbk)
035 _aCURL 980093042677(LCo) from plc051
035 _a(OCoLC)29429976
_a(BD-RjUL) 30896
040 _aBD-RjUL
_beng
_cBD-RjUL
_dBD-RjUL
041 1 _aeng
_hger
082 _a190
_bSCO 1994
100 1 _aSchelling, Friedrich Wilhelm Joseph von,
_d1775-1854.
_993603
245 1 0 _aOn the history of modern philosophy /
_cF.W.J. von Schelling ; translation, introduction, and notes by Andrew Bowie
260 _aCambridge :
_bCambridge University Press,
_c1994.
300 _axi, 195 p ;
_c23 cm
490 _aTexts in German philosophy
504 _aIncludes bibliographical references (p. 35-37) and index.
650 0 _aIdealism, German
_993604
650 0 _aPhilosophy, Modern
_993605
700 1 _aBowie, Andrew, tr.
_993606
942 _2ddc
_cBK
999 _c30809
_d30809